| 000 | 01407cam a22003737a 4500 | ||
|---|---|---|---|
| 003 | CHAP | ||
| 005 | 20220329142352.0 | ||
| 008 | 001006d1995 mx b r 00110 spa d | ||
| 010 | _a82482 | ||
| 011 | _a83454 | ||
| 035 | _a93967 | ||
| 040 | _cCHAP | ||
| 090 | _aTesis | ||
| 100 | 0 | 0 |
_aAguilar Sanchez, Genaro. _92854 |
| 245 | 1 | 0 |
_aTecnología agrícola en el paisaje de la región Celaya Guanajuato _c/por Genaro Aguilar Sánchez. |
| 260 |
_aMéxico, D.F. : _bEl autor, _c1995. |
||
| 300 |
_a119 h. : _bmapas, gráfs., cuads. |
||
| 502 | _aTesis (Doctor en Geografía) -- Universidad Nacional Autónoma de México. Facultad de Filosofía y Letras. División de Estudios de Postgrado. | ||
| 590 |
_aALEPH _b10 _c20130110 _lUCH01 _h1438 |
||
| 590 |
_aBATCH-UPD _b10 _c20130110 _lUCH01 _h0147 |
||
| 590 |
_aBATCH-UPD _b10 _c20130110 _lUCH01 _h1951 |
||
| 590 |
_aBATCH-UPD _b10 _c20130410 _lUCH01 _h1313 |
||
| 590 |
_aBATCH-UPD _b10 _c20130913 _lUCH01 _h2132 |
||
| 590 |
_aBATCH-UPD _b10 _c20130914 _lUCH01 _h2047 |
||
| 590 |
_aCONVERSION _b10 _c20130109 _lUCH01 _h1346 |
||
| 650 | 1 | 4 |
_aAgricultura _xInnovaciones tecnológicas. _91565 |
| 650 | 1 | 4 |
_aAgricultura _zGuanajuato. _91927 |
| 650 | 1 | 4 |
_aTierras _xAprovechamiento _xMéxico. _9113084 |
| 901 | _aBK | ||
| 905 | _aEdna Luz | ||
| 942 | _cFOLL | ||
| 949 |
_bBC _cTES _d33724000806246 _eTS2 _fc.2 _h37159 _i93967 _si |
||
| 949 |
_bBC _cTES _d939671 _eTS1 _h37158 _i93967 _sb |
||
| 999 |
_c82482 _d82482 |
||